[Event "Druzynowe Mistrzostwa Polski Juniorow - Ekstraliga"]
[Site "Centrum Wypoczynkowo-Szkoleniowe Gwarek, Ustron"]
[Date "1899-12-30"]
[Round "1.25"]
[White "Piotrowski, Przemyslaw"]
[Black "Wisniewski, Michal"]
[Result "0-1"]
[WhiteTitle "k"]
[BlackTitle "k"]
[WhiteElo "2292"]
[BlackElo "2140"]

1. Nf3 Nf6 2. g3 g6 3. Bg2 Bg7 4. O-O d5 5. d4 O-O 6. c4 dxc4 7. Na3 c3 8. bxc3
c5 9. e3 Nc6 10. Qe2 Bf5 11. Rd1 Qb6 12. d5 Nxd5 13. Rxd5 Bxc3 14. Nc4 Qa6 15.
Rxf5 Bxa1 16. Rxc5 Rac8 17. Nfd2 b5 18. Na3 Na5 19. Rc2 Rxc2 20. Nxc2 Rc8 21.
Be4 Qe6 22. Qxb5 Qxa2 23. Qb1 Qxb1 24. Nxb1 f5 25. Bd3 e5 26. Ba3 e4 27. Bxe4
fxe4 28. Nxa1 Rd8 29. Nc3 Rd3 30. Nxe4 Rxa3 31. Nc2 Ra2 32. Nd4 Nc4 33. Nf6+ Kg7
34. Nd5 a5 35. Nc3 Ra1+ 36. Kg2 a4 37. e4 Ra3 38. Nb1 Rd3 39. Ne6+ Kf6 40. Nc5
a3 41. e5+ Nxe5 42. Nc3 Rd8 43. Kf1 Ra8 44. Na2 Kf5 45. f4 Rc8 46. Nb3 Nf3 47.
Na1 Nxh2+ 48. Kg2 Ng4 49. Kf3 Re8 50. Nc2 Nh2+ 51. Kf2 Rc8 52. Nab4 Ng4+ 53. Ke2
Rc3 54. Kd2 Rxg3 55. Nd3 Ke4 56. Nc1 Rg2+ 57. Kc3 h5 58. Nxa3 Rg3+ 59. Kb4 Rxa3
60. Kxa3 h4 61. Kb4 h3 62. Ne2 h2 63. f5 gxf5 64. Kc3 Kf3 65. Nd4+ Kg2 0-1

[Event "Druzynowe Mistrzostwa Polski Juniorow - Ekstraliga"]
[Site "Centrum Wypoczynkowo-Szkoleniowe Gwarek, Ustron"]
[Date "1899-12-30"]
[Round "1.26"]
[White "Kowalczyk, Mariusz"]
[Black "Grela, Kacper"]
[Result "0-1"]
[WhiteTitle "I++"]
[BlackTitle "k"]
[WhiteElo "2174"]
[BlackElo "2294"]

1. e4 c5 2. c3 e6 3. d4 d5 4. e5 Nc6 5. Nf3 Bd7 6. a3 Qc7 7. b4 c4 8. g3 Nge7 9.
h4 f6 10. Qe2 fxe5 11. dxe5 b5 12. a4 bxa4 13. Bh3 Ng6 14. Bf4 Be7 15. h5 Nxf4
16. gxf4 O-O 17. Qd2 Rad8 18. Rg1 Bc8 19. Nd4 Nxd4 20. Qxd4 a5 21. Rxa4 axb4 22.
Bxe6+ Kh8 23. h6 g6 24. Bxc8 Bc5 25. Qd2 Qxc8 26. cxb4 Bb6 27. Na3 c3 28. Qd3
Rxf4 29. Rg2 Rd4 30. Qb5 c2 0-1

[Event "Druzynowe Mistrzostwa Polski Juniorow - Ekstraliga"]
[Site "Centrum Wypoczynkowo-Szkoleniowe Gwarek, Ustron"]
[Date "1899-12-30"]
[Round "1.27"]
[White "Gumularz, Szymon"]
[Black "Pultorak, Jan"]
[Result "1/2-1/2"]
[WhiteTitle "I++"]
[BlackTitle "I"]
[WhiteElo "2284"]
[BlackElo "2126"]

1. Nf3 Nf6 2. c4 e6 3. g3 d5 4. Bg2 Be7 5. O-O O-O 6. d4 dxc4 7. Qc2 a6 8. a4 Bd7
9. Rd1 Bc6 10. Nc3 a5 11. e4 b6 12. Ne5 Bb7 13. d5 exd5 14. exd5 Bd6 15. Nxc4
Na6 16. Be3 Nb4 17. Qb3 Ba6 18. Nb5 Bxb5 19. axb5 Qd7 20. Bd4 Ne8 21. Bxb6 cxb6
22. Nxb6 Qxb5 23. Nxa8 Nf6 24. Qa4 Qxa4 25. Rxa4 Rxa8 26. Rda1 Kf8 27. Rxa5 Rxa5
28. Rxa5 Nd7 29. Ra8+ Ke7 30. Ra7 Bc5 31. Ra3 Kd6 32. Kf1 Nf6 33. Bf3 Nfxd5 34.
Bxd5 Kxd5 35. Kg2 Bd4 36. Ra8 Bxb2 37. Rf8 Ke6 38. Re8+ Kd7 39. Rb8 Bc3 40. Rb7+
Ke6 41. Rb6+ Kd5 42. Rb7 f5 43. Rb5+ Ke6 44. Rb6+ Ke5 45. Rb7 Kd6 46. Rb6+ Nc6
47. Rb3 Bf6 48. Ra3 Ne7 49. Re3 Kd7 50. Re2 Ke8 51. Re1 Kf7 52. h4 h6 53. Re2
Nc6 54. Ra2 Ne5 55. Ra4 Nc6 56. Ra6 Nd4 57. Ra7+ Kg6 58. Ra5 f4 59. h5+ Kf7 60.
gxf4 Ne6 61. Kg3 Bc3 62. Ra7+ Kf6 63. Kg4 Bd4 64. Ra6 Kf7 65. Kf3 1/2-1/2

[Event "Druzynowe Mistrzostwa Polski Juniorow - Ekstraliga"]
[Site "Centrum Wypoczynkowo-Szkoleniowe Gwarek, Ustron"]
[Date "1899-12-30"]
[Round "1.28"]
[White "Oglaza, Oskar"]
[Black "Czopor, Maciej"]
[Result "1-0"]
[WhiteTitle "I"]
[BlackTitle "I+"]
[WhiteElo "1950"]
[BlackElo "1791"]

1. e4 c5 2. Nf3 Nc6 3. d4 cxd4 4. Nxd4 Nf6 5. Nc3 e6 6. Ndb5 d6 7. Bf4 e5 8. Bg5
a6 9. Na3 b5 10. Nd5 Be7 11. Bxf6 Bxf6 12. c3 O-O 13. Nc2 Bg5 14. a4 Rb8 15. Bd3
Ne7 16. Ncb4 Nxd5 17. exd5 Qb6 18. h4 Bh6 19. Nc6 Rb7 20. axb5 axb5 21. Ra5 Qc5
22. Qb3 e4 23. Bxb5 e3 24. f3 Bf4 25. Ke2 Bd7 26. Qb4 Bxc6 27. Qxc5 dxc5 28. dxc6
Rbb8 29. Rd1 Bc7 30. Ra7 Rxb5 31. Rxc7 Rxb2+ 32. Kxe3 Rxg2 33. Rcd7 Rg6 34. c7
Rc6 35. R1d6 Re8+ 36. Kf2 Rxd6 37. Rxd6 Kf8 38. Rd8 Ke7 39. Rxe8+ Kxe8 40. c8=Q+
Ke7 41. Qxc5+ Kf6 42. Qd6+ Kf5 43. Qd5+ Kf6 44. c4 g6 45. c5 h6 46. c6 Kg7 47.
c7 h5 48. c8=R Kf6 49. Rf8 Ke7 50. Rxf7+ Ke8 51. Qd7# 1-0

[Event "Druzynowe Mistrzostwa Polski Juniorow - Ekstraliga"]
[Site "Centrum Wypoczynkowo-Szkoleniowe Gwarek, Ustron"]
[Date "1899-12-30"]
[Round "1.29"]
[White "Dadello, Aleksandra"]
[Black "Kopica, Paulina"]
[Result "1-0"]
[WhiteTitle "I++"]
[BlackTitle "I++"]
[WhiteElo "2068"]
[BlackElo "1788"]

1. e4 c5 2. Nf3 d6 3. d4 cxd4 4. Nxd4 Nf6 5. Nc3 g6 6. Be3 Bg7 7. f3 O-O 8. Qd2
Nc6 9. Bc4 Bd7 10. O-O-O Rb8 11. Bb3 Na5 12. h4 b5 13. h5 Nxb3+ 14. Nxb3 b4 15.
Nd5 Nxd5 16. exd5 Qc7 17. Kb1 Rfc8 18. hxg6 fxg6 19. Bd4 Bf5 20. Rc1 Bf8 21. g4
Bd7 22. Qh2 h6 23. Be3 Qc4 24. Bxh6 Qxd5 25. Bxf8 Kxf8 26. Qh6+ Kf7 27. Qh7+ Kf6
28. Rce1 Qf7 29. g5+ 1-0

[Event "Druzynowe Mistrzostwa Polski Juniorow - Ekstraliga"]
[Site "Centrum Wypoczynkowo-Szkoleniowe Gwarek, Ustron"]
[Date "1899-12-30"]
[Round "1.30"]
[White "Trusz, Julia"]
[Black "Dwilewicz, Agata"]
[Result "1-0"]
[WhiteTitle "I"]
[BlackTitle "I"]
[WhiteElo "1510"]
[BlackElo "1659"]

1. e4 c5 2. Nf3 e6 3. d4 cxd4 4. Nxd4 Nc6 5. Nc3 Nf6 6. Be2 Bb4 7. Nxc6 bxc6 8.
Bg5 h6 9. Bxf6 Qxf6 10. Qd3 O-O 11. O-O d5 12. Na4 Bb7 13. Qb3 Qe7 14. e5 f6 15.
a3 Ba5 16. f4 Rac8 17. Kh1 c5 18. Qb5 Bd8 19. Qd3 Bc7 20. Qg6 f5 21. Nc3 Bc6 22.
Bb5 Bb7 23. Be2 a6 24. Bf3 Bc6 25. Rad1 Rb8 26. b3 Ba5 27. Na2 Be8 28. Qg3 Bb5
29. Rf2 c4 30. b4 Bb6 31. Rff1 c3 32. Rfe1 d4 33. Be2 Ba4 34. Bd3 Ra8 35. Qg6
Be8 36. Qg3 Bc6 37. Nc1 Bd5 38. Ne2 Qa7 39. Qg6 Qb7 40. Rg1 a5 41. b5 a4 42. Ng3
Qf7 43. Nxf5 Qxg6 44. Ne7+ Kf7 45. Nxg6 Rfe8 46. Nh4 Kg8 47. Rgf1 Bc5 48. Ra1
Ra7 49. Rfb1 Rb7 50. Ng6 Rbb8 51. h3 h5 52. Kh2 Kf7 53. Nh4 Ke7 54. g3 Rb6 55.
Ng2 Rf8 56. Ne1 h4 57. Bg6 hxg3+ 58. Kxg3 Kd7 59. Nd3 Be7 60. Ne1 Bc4 61. Bd3
Bxd3 62. Nxd3 Rfb8 63. Kf3 Rxb5 64. Rxb5 Rxb5 65. Ke4 Rb8 66. Kxd4 Rc8 67. Nb4
g5 68. fxg5 Bxg5 69. Rg1 Bh6 70. Rg3 Bf8 71. Rxc3 Rb8 72. Nd3 Bh6 73. Nc5+ Ke7
74. Nxa4 Rd8+ 75. Ke4 Rf8 76. Rf3 Rc8 77. Nc3 1-0

[Event "Druzynowe Mistrzostwa Polski Juniorow - Ekstraliga"]
[Site "Centrum Wypoczynkowo-Szkoleniowe Gwarek, Ustron"]
[Date "1899-12-30"]
[Round "2.1"]
[White "Lewtak, Dominik"]
[Black "Wisniewski, Michal"]
[Result "1/2-1/2"]
[WhiteTitle "k"]
[BlackTitle "k"]
[WhiteElo "2151"]
[BlackElo "2140"]

1. e4 c5 2. Nf3 d6 3. d4 Nf6 4. Nc3 cxd4 5. Nxd4 g6 6. Be3 Bg7 7. f3 Nc6 8. Qd2
O-O 9. O-O-O d5 10. Nxc6 bxc6 11. exd5 Nxd5 12. Nxd5 cxd5 13. Qxd5 Qc7 14. Qc5
Qb7 15. Qb5 Qc7 16. Qc5 Qb7 17. Qb5 Qc7 18. Qc5 Qb7 1/2-1/2

[Event "Druzynowe Mistrzostwa Polski Juniorow - Ekstraliga"]
[Site "Centrum Wypoczynkowo-Szkoleniowe Gwarek, Ustron"]
[Date "1899-12-30"]
[Round "2.2"]
[White "Kowalczyk, Mariusz"]
[Black "Psyk, Radoslaw"]
[Result "1/2-1/2"]
[WhiteTitle "I++"]
[BlackTitle "k"]
[WhiteElo "2174"]
[BlackElo "2128"]

1. e4 e6 2. d4 d5 3. Nd2 c5 4. exd5 exd5 5. Ngf3 Nc6 6. Bb5 Bd6 7. O-O Nge7 8.
dxc5 Bxc5 9. Nb3 Bd6 10. Re1 O-O 11. h3 Re8 12. Bd3 f6 13. c3 Ne5 14. Bc2 N7g6
15. Nbd4 Bd7 16. Bb3 Bc6 17. Be3 Qd7 18. Qc2 Nc4 19. Nxc6 Nxe3 20. Rxe3 bxc6 21.
Rxe8+ Rxe8 22. c4 Nf4 23. cxd5 cxd5 24. Rd1 Kh8 25. Nd4 Nxh3+ 26. Kf1 Nf4 27.
Ba4 Qg4 28. f3 Qh5 29. Bxe8 Qxe8 30. Re1 Qg8 31. Qc6 Be5 32. Ne2 Nd3 33. Rd1 Nb4
34. Qc5 Qb8 35. Rc1 h5 36. Qc8+ Qxc8 37. Rxc8+ Kh7 38. Nc3 d4 39. Ne4 d3 40. a3
Nd5 41. Rd8 Ne3+ 42. Kg1 Bxb2 43. Rxd3 Nc4 44. a4 a5 45. Rd5 Kg6 46. Kh1 f5 47.
Nd6 Nxd6 48. Rxd6+ Kg5 49. Rc6 Ba3 50. Kh2 h4 51. Kh3 Kh5 52. f4 Bb4 53. Rc8 Be1
54. Re8 Bd2 55. Re5 g6 56. Rd5 Be1 57. Rd1 Bg3 58. Rd8 Bxf4 59. Rd5 Bc7 60. Rd7
Bg3 1/2-1/2

[Event "Druzynowe Mistrzostwa Polski Juniorow - Ekstraliga"]
[Site "Centrum Wypoczynkowo-Szkoleniowe Gwarek, Ustron"]
[Date "1899-12-30"]
[Round "2.3"]
[White "Gaj, Szymon"]
[Black "Pultorak, Jan"]
[Result "0-1"]
[WhiteTitle "I"]
[BlackTitle "I"]
[WhiteElo "1821"]
[BlackElo "2126"]

1. d4 Nf6 2. c4 e6 3. Nc3 Bb4 4. f3 d5 5. a3 Bd6 6. Bg5 Be7 7. e3 O-O 8. Qc2 h6
9. Bh4 c5 10. O-O-O cxd4 11. exd4 dxc4 12. g4 Nd5 13. Bxe7 Qxe7 14. Re1 Nxc3 15.
Qxc3 b5 16. h4 a5 17. Ne2 b4 18. Qe3 bxa3 19. bxa3 Nc6 20. g5 Rb8 21. gxh6 Rb3
22. Qg5 Qxa3+ 23. Kd1 Rd3+ 24. Kc2 Nb4+ 25. Kb1 Qa2+ 26. Kc1 Qc2# 0-1

[Event "Druzynowe Mistrzostwa Polski Juniorow - Ekstraliga"]
[Site "Centrum Wypoczynkowo-Szkoleniowe Gwarek, Ustron"]
[Date "1899-12-30"]
[Round "2.4"]
[White "Oglaza, Oskar"]
[Black "Mis, Mieszko"]
[Result "1/2-1/2"]
[WhiteTitle "I"]
[BlackTitle "I"]
[WhiteElo "1950"]
[BlackElo "1806"]

1. e4 c5 2. Nf3 Nc6 3. d4 cxd4 4. Nxd4 Nf6 5. Nc3 d6 6. f3 e5 7. Nb3 Be6 8. Be3
Be7 9. Qd2 O-O 10. O-O-O a6 11. Nd5 Bxd5 12. exd5 Nb8 13. g4 Nbd7 14. Qf2 b5 15.
h4 a5 16. h5 a4 17. Na1 a3 18. Nb3 b4 19. g5 Ne8 20. g6 fxg6 21. hxg6 h6 22. Kb1
axb2 23. Qh2 Bg5 24. Bxg5 Qxg5 25. Bh3 Nb6 26. Be6+ Kh8 27. Rdg1 Qe3 28. Qd2 Qxd2
29. Nxd2 Na4 30. Rg4 Rf4 31. Ne4 Rxg4 32. fxg4 Nc3+ 33. Nxc3 bxc3 34. Rh3 Ra3
35. Rf3 Nf6 36. g5 e4 37. Rf1 Ra4 38. gxf6 gxf6 39. g7+ Kxg7 40. Rg1+ Kh8 41.
Rg3 Rc4 42. Rh3 Kg7 43. Rg3+ Kh8 44. Rh3 Kg7 45. Rg3+ Kh8 1/2-1/2

[Event "Druzynowe Mistrzostwa Polski Juniorow - Ekstraliga"]
[Site "Centrum Wypoczynkowo-Szkoleniowe Gwarek, Ustron"]
[Date "1899-12-30"]
[Round "2.6"]
[White "Trusz, Julia"]
[Black "Swiech, Joanna"]
[Result "1/2-1/2"]
[WhiteTitle "I"]
[BlackTitle "I++"]
[WhiteElo "1510"]
[BlackElo "1798"]

1. e4 e6 2. d4 d5 3. Nc3 Nf6 4. e5 Nfd7 5. f4 c5 6. Nf3 Nc6 7. Be3 c4 8. Qd2 Be7
9. g3 a6 10. Bh3 b5 11. Ne2 b4 12. O-O O-O 13. f5 exf5 14. Bxf5 Nb6 15. Bxc8 Rxc8
16. Bg5 a5 17. Bxe7 Qxe7 18. c3 Rb8 19. Rab1 Rb7 20. Nh4 g6 21. Rf6 Nd8 22. Nf4
Ne6 23. Nxe6 fxe6 24. Rbf1 Rxf6 25. Rxf6 Kg7 26. Qg5 Qe8 27. Qg4 Re7 28. Ng2 Nd7
29. Rf2 Rf7 30. Nf4 Rf5 31. Nh3 Rxf2 32. Kxf2 Nf8 33. Nf4 bxc3 34. bxc3 Qe7 35.
Qe2 Qb7 36. Qc2 Qb5 37. Ke3 Kh8 38. Qf2 Kg8 39. Qc2 Kh8 40. Qf2 Kg8 41. Qc2 Kh8
42. Qf2 Kg8 1/2-1/2

[Event "Druzynowe Mistrzostwa Polski Juniorow - Ekstraliga"]
[Site "Centrum Wypoczynkowo-Szkoleniowe Gwarek, Ustron"]
[Date "1899-12-30"]
[Round "2.7"]
[White "Koitka, Jakub"]
[Black "Piotrowski, Przemyslaw"]
[Result "0-1"]
[WhiteTitle "I++"]
[BlackTitle "k"]
[WhiteElo "2072"]
[BlackElo "2292"]

1. d4 d6 2. e4 Nf6 3. f3 e5 4. dxe5 dxe5 5. Qxd8+ Kxd8 6. Bc4 Be6 7. Bxe6 fxe6
8. Be3 Bd6 9. Nd2 Ke7 10. O-O-O Nbd7 11. Nc4 Rhb8 12. Ne2 a5 13. a4 Bc5 14. Bd2
Bb4 15. Bxb4+ axb4 16. b3 Ne8 17. Kb2 Nd6 18. Nxd6 cxd6 19. Nc1 b5 20. axb5 Rxb5
21. Nd3 Nc5 22. Nxc5 Rxc5 23. Ra1 Rac8 24. Rhc1 Rc3 25. Ra4 Re3 26. Rxb4 Re2 27.
Rb7+ Kf6 28. Rb6 Rxg2 29. Rxd6 Rxh2 30. b4 h5 31. Kb3 h4 32. c4 Rf2 33. Rd3 h3
34. c5 h2 35. Rh1 Kg5 36. Kc4 Kf4 37. Rd7 g5 38. Rh7 Kg3 39. Rh5 Rg8 40. R5xh2
Rxh2 41. Rxh2 Kxh2 42. c6 Kg3 43. b5 Kxf3 44. b6 g4 45. b7 g3 46. c7 g2 47. c8=Q
g1=Q 48. Kb5 Qb1+ 49. Ka6 Qa1+ 50. Kb5 Qb2+ 51. Ka6 Rg1 52. Qf8+ Ke2 0-1

[Event "Druzynowe Mistrzostwa Polski Juniorow - Ekstraliga"]
[Site "Centrum Wypoczynkowo-Szkoleniowe Gwarek, Ustron"]
[Date "1899-12-30"]
[Round "2.8"]
[White "Grela, Kacper"]
[Black "Delekta, Filip"]
[Result "1/2-1/2"]
[WhiteTitle "k"]
[BlackTitle "I++"]
[WhiteElo "2294"]
[BlackElo "2110"]

1. e4 e6 2. d4 c5 3. c3 Nf6 4. e5 Nd5 5. Nf3 cxd4 6. cxd4 d6 7. Bc4 Nb6 8. Bb5+
Bd7 9. Bd3 Bc6 10. O-O N8d7 11. Nc3 Qc7 12. Bf4 dxe5 13. Nxe5 Nxe5 14. Bxe5 Qd7
15. Qh5 Bd6 16. Rfd1 O-O-O 17. Bb5 Bxb5 18. Bxd6 Qxd6 19. Qxb5 Kb8 20. a4 Nd5
21. a5 Qb4 22. Qe2 Qd6 23. Ne4 Qe7 24. Nc5 Nc7 25. Qc4 Qe8 26. a6 b6 27. Nd3 Rc8
28. Ne5 Nd5 29. Qe2 f6 30. Ng4 Qd7 31. Ne3 g5 32. Qf3 f5 33. Nxd5 Qxd5 34. Qe2
f4 35. Re1 Rhe8 36. Rad1 Rcd8 37. Qh5 Re7 38. Re5 Qb3 39. d5 Red7 40. Rxe6 Rxd5
41. Rde1 Qxb2 42. Qxh7 R5d7 43. Qf5 Rd5 44. Qh7 R5d7 45. Qe4 Qb5 46. Re7 Qxa6
47. Qe5+ Rd6 48. Re8 Qc8 49. Re7 Qc5 50. Qa1 a5 51. R7e5 Rd5 52. Rxd5 Qxd5 53.
h3 Qd4 54. Qa3 Rd7 55. Qf8+ Kb7 56. Qf5 Rd5 57. Qf7+ Ka6 58. Qc7 Qc5 59. Qb8 Qc6
60. Rb1 Rc5 61. Kh2 Rc2 62. Rf1 Rc1 63. Rxc1 Qxc1 64. Qa8+ Kb5 65. Qd5+ Qc5 66.
Qb3+ Ka6 67. Qd3+ b5 68. Qg6+ Kb7 69. Qg7+ Kc6 70. Qf6+ Qd6 71. Qxg5 a4 72. Qf5
a3 73. h4 Kb6 74. Qc2 Qf6 75. Qb3 Qb2 76. Qe6+ Ka5 77. Qe1+ b4 78. Qe4 Qxf2 79.
Qa8+ Kb5 80. Qd5+ Ka4 81. Qd1+ b3 82. Qd7+ Kb4 83. Qd6+ Kc3 84. Qxa3 Kc2 85. Qa6
Qxh4+ 86. Kg1 Qe1+ 87. Kh2 Qg3+ 88. Kh1 b2 89. Qc4+ Qc3 90. Qe2+ Qd2 91. Qc4+
Kd1 92. Qb3+ Kc1 93. Qc4+ Kb1 94. Qa6 Qc2 95. Kh2 Qc3 96. Qf1+ Ka2 97. Qa6+ Qa3
98. Qc4+ Ka1 99. Qd4 Qg3+ 100. Kh1 Qe3 101. Qa4+ Kb1 102. Kh2 1/2-1/2

[Event "Druzynowe Mistrzostwa Polski Juniorow - Ekstraliga"]
[Site "Centrum Wypoczynkowo-Szkoleniowe Gwarek, Ustron"]
[Date "1899-12-30"]
[Round "2.9"]
[White "Koziorowicz, Michal"]
[Black "Gumularz, Szymon"]
[Result "0-1"]
[WhiteTitle "II+"]
[BlackTitle "I++"]
[WhiteElo "1725"]
[BlackElo "2284"]

1. e4 c5 2. Nf3 e6 3. d4 cxd4 4. Nxd4 a6 5. Bd3 Qc7 6. O-O Nf6 7. Be3 d6 8. Nc3
g6 9. f4 Bg7 10. f5 Nc6 11. g4 Ne5 12. h3 h6 13. Qe2 g5 14. Rad1 O-O 15. a4 Bd7
16. Nb3 exf5 17. exf5 Rfe8 18. Qd2 d5 19. Bd4 Nc4 20. Bxc4 dxc4 21. Nc5 Bc6 22.
Ne2 Rxe2 0-1

[Event "Druzynowe Mistrzostwa Polski Juniorow - Ekstraliga"]
[Site "Centrum Wypoczynkowo-Szkoleniowe Gwarek, Ustron"]
[Date "1899-12-30"]
[Round "2.10"]
[White "Czopor, Maciej"]
[Black "Dzida, Kamil"]
[Result "1-0"]
[WhiteTitle "I+"]
[BlackTitle "II+"]
[WhiteElo "1791"]
[BlackElo "1519"]

1. e4 c5 2. Nf3 e6 3. d4 cxd4 4. Nxd4 a6 5. Bd3 Qc7 6. O-O Nf6 7. Qe2 Bd6 8. h3
Nc6 9. Be3 Be7 10. f4 d5 11. e5 Nd7 12. Nd2 Nxd4 13. Bxd4 Bc5 14. c3 b5 15. Nb3
Bb6 16. Kh1 Qa7 17. f5 Nc5 18. Nxc5 Bxc5 19. Qe3 Bxd4 20. cxd4 exf5 21. Bxf5 Bxf5
22. Rxf5 Qd7 23. e6 fxe6 24. Re1 O-O-O 25. Qxe6 Qxe6 26. Rxe6 Rhf8 27. Rxf8 Rxf8
28. Rxa6 Rf4 29. Rb6 Rxd4 30. Rxb5 Rd1+ 31. Kh2 Ra1 32. Rc5+ Kb8 33. Rxd5 Rxa2
34. Rd7 g6 35. Rxh7 Rxb2 36. Rg7 Rb6 37. Kg3 Rf6 38. Kg4 Rf2 39. g3 Rf6 40. h4
Kc8 41. Kg5 Ra6 42. Rxg6 Ra5+ 43. Kh6 Kd8 44. Re6 Kd7 45. Re3 Ra6+ 46. Kh5 Ra5+
47. Kg4 1-0

[Event "Druzynowe Mistrzostwa Polski Juniorow - Ekstraliga"]
[Site "Centrum Wypoczynkowo-Szkoleniowe Gwarek, Ustron"]
[Date "1899-12-30"]
[Round "2.11"]
[White "Maruszczak, Joanna"]
[Black "Dadello, Aleksandra"]
[Result "1-0"]
[WhiteTitle "k+"]
[BlackTitle "I++"]
[WhiteElo "1845"]
[BlackElo "2068"]

1. e4 c6 2. Nc3 d5 3. Nf3 Bg4 4. h3 Bxf3 5. Qxf3 e6 6. g3 Nf6 7. Bg2 Be7 8. O-O
Nbd7 9. d3 O-O 10. Qe2 d4 11. Nb1 Qc7 12. f4 c5 13. a4 a6 14. a5 Rac8 15. b3 e5
16. f5 Ne8 17. g4 Qd8 18. Nd2 Bg5 19. Nf3 Bxc1 20. Rfxc1 Nd6 21. Qf2 f6 22. h4
Nb8 23. g5 Nc6 24. Qd2 Kh8 25. Kf2 Nb5 26. Rh1 Rc7 27. h5 Rg8 28. Rh3 Qf8 29.
Nh4 g6 30. hxg6 fxg5 31. Qxg5 Rcg7 32. Rah1 Ne7 33. Nf3 1-0

[Event "Druzynowe Mistrzostwa Polski Juniorow - Ekstraliga"]
[Site "Centrum Wypoczynkowo-Szkoleniowe Gwarek, Ustron"]
[Date "1899-12-30"]
[Round "2.12"]
[White "Dwilewicz, Agata"]
[Black "Krzywnicka, Maria"]
[Result "0-1"]
[WhiteTitle "I"]
[BlackTitle "I+"]
[WhiteElo "1659"]
[BlackElo "1564"]

1. e4 c5 2. Nf3 d6 3. d4 Nf6 4. Nc3 cxd4 5. Nxd4 a6 6. f3 e5 7. Nb3 Be6 8. Nd5
Nxd5 9. exd5 Bf5 10. Be3 Be7 11. Qd2 Nd7 12. Be2 O-O 13. O-O Bg6 14. Na5 Qc7 15.
c4 f5 16. f4 e4 17. Nb3 Bf6 18. Bd4 a5 19. Bxf6 Rxf6 20. Nd4 Nc5 21. b3 Qf7 22.
Rfe1 Bh5 23. Bxh5 Qxh5 24. Re3 Qf7 25. Rg3 Rg6 26. Rxg6 Qxg6 27. Re1 Qf6 28. Rb1
Re8 29. Qe3 Ra8 30. a3 Qg6 31. b4 axb4 32. Rxb4 Qf6 33. h3 h6 34. Kh2 Ra7 35.
Ne6 Ra5 36. Nxc5 Rxc5 37. a4 Qe7 38. Kg1 Qc7 39. Qe2 Kh7 40. Kh2 Qd7 41. Qb2 Rc7
42. a5 Qe7 43. Qe2 Qf6 44. Qe3 Qe7 45. Ra4 Rc5 46. Qe2 Qc7 47. Qa2 Qe7 48. Ra3
Qh4 49. g3 Qf6 50. Qc2 Qd4 51. Ra4 Qxd5 52. Qe2 Qd4 53. a6 bxa6 54. Rxa6 Rxc4
55. Ra2 Rc1 56. Qg2 e3 57. Re2 Rd1 58. Qf3 Rd2 59. Kg2 Rxe2+ 60. Qxe2 d5 61. Qh5
Qe4+ 62. Kf1 d4 63. g4 d3 64. Qxf5+ Qxf5 65. gxf5 Kg8 0-1

[Event "Druzynowe Mistrzostwa Polski Juniorow - Ekstraliga"]
[Site "Centrum Wypoczynkowo-Szkoleniowe Gwarek, Ustron"]
[Date "1899-12-30"]
[Round "2.13"]
[White "Marczuk, Dominik"]
[Black "Koziol, Kamil"]
[Result "1/2-1/2"]
[WhiteTitle "k"]
[BlackTitle "k"]
[WhiteElo "2184"]
[BlackElo "2132"]

1. f4 d5 2. Nf3 Nf6 3. g3 c5 4. Bg2 g6 5. O-O Bg7 6. d3 Nc6 7. Nc3 O-O 8. e4 e6
9. e5 Ne8 10. h4 f6 11. Qe2 h5 12. exf6 Qxf6 13. f5 Qxf5 14. Kh2 Nf6 15. Bh3 Ng4+
16. Bxg4 Qxg4 17. Qg2 Bd7 18. Bd2 Rf5 19. Ng5 Raf8 20. Ne2 Be5 21. Bf4 Bxf4 22.
Nxf4 Rxf4 23. Rxf4 Rxf4 24. gxf4 Qxh4+ 25. Nh3 Kg7 26. Rg1 Qf6 27. Qg5 Qxg5 28.
Nxg5 e5 29. fxe5 Nxe5 30. Kg3 Bf5 31. Kf4 Nc6 32. Re1 c4 33. dxc4 dxc4 34. c3
a5 35. Re8 b5 36. Re1 Kf6 37. Nh7+ Kg7 38. Ng5 Kf6 39. Nf3 b4 40. Ng5 a4 41. a3
bxa3 42. bxa3 Na5 43. Re5 Nb3 44. Nh7+ Kf7 45. Ng5+ Kf6 46. Nh7+ Kf7 47. Rb5 Nd2
48. Ng5+ Ke7 49. Ke5 Nb1 50. Rb7+ Ke8 51. Rb4 Nxa3 52. Rxa4 Nb5 53. Rxc4 Kd7 54.
Nh7 h4 55. Nf6+ Kd8 56. Rc5 Na7 57. Kf4 h3 58. Kg3 Ke7 59. Ng4 Bxg4 60. Kxg4 h2
61. Re5+ Kd6 62. Re1 Kc5 63. Rh1 Nb5 64. Rxh2 Nxc3 65. Kg5 Ne4+ 66. Kxg6 Nd6 67.
Kf6 Nc4 68. Ke6 Kd4 69. Rh4+ Kc5 70. Rg4 Nb6 71. Rg5+ Kc6 72. Rg1 Kc5 73. Rg5+
Kc6 74. Rh5 Nc4 75. Ke7 Nb6 76. Ra5 Nd5+ 77. Ke6 Nb6 78. Ra6 Kb7 79. Ra1 Kc6 80.
Rc1+ Kb5 81. Kd6 Nc4+ 82. Kd5 Nb6+ 83. Kd4 Nd7 84. Rc7 Nb6 85. Rc5+ Kb4 86. Rh5
Nc4 87. Rg5 Nd6 88. Kd5 Nb5 89. Rg4+ Kb3 90. Kc5 Nc3 91. Rg2 Na4+ 92. Kd4 Nb2
93. Rg3+ Kb4 94. Rc3 Na4 95. Rc1 Kb3 96. Rc8 Nb2 97. Rc7 Na4 98. Ke4 1/2-1/2

[Event "Druzynowe Mistrzostwa Polski Juniorow - Ekstraliga"]
[Site "Centrum Wypoczynkowo-Szkoleniowe Gwarek, Ustron"]
[Date "1899-12-30"]
[Round "2.14"]
[White "Tomaszewski, Kacper"]
[Black "Golda, Sebastian"]
[Result "1-0"]
[WhiteTitle "k"]
[BlackTitle "I"]
[WhiteElo "2207"]
[BlackElo "1959"]

1. d4 Nf6 2. c4 g6 3. Nc3 Bg7 4. e4 d6 5. Be2 O-O 6. Nf3 e5 7. O-O Nc6 8. d5 Ne7
9. b4 a5 10. Ba3 axb4 11. Bxb4 b6 12. a4 Ne8 13. a5 c5 14. dxc6 Nxc6 15. Ba3 Rxa5
16. Nb5 Bf6 17. Ra2 Bg4 18. Rd2 Be7 19. h3 Bxf3 20. Bxf3 Nc7 21. Bxd6 Nxb5 22.
cxb5 Rxb5 23. Be2 Ra5 24. Bxe5 Rxe5 25. Rxd8 Rxd8 26. Qb1 Bc5 27. Kh1 Nd4 28.
Bc4 Kg7 29. f4 Re7 30. f5 f6 31. fxg6 hxg6 32. Qd3 Nc6 33. Qg3 Ne5 34. Bd5 Rh8
35. Qf4 Rf8 36. Rd1 Rd8 37. Qg3 Red7 38. Ra1 Bd4 39. Ra4 Bc5 40. Qb3 Kh6 41. Qa2
Nc6 42. Ra8 Nb4 43. Rxd8 Rxd8 44. Qd2+ Kg7 45. g4 g5 46. Kg2 Kf8 47. h4 Nxd5 48.
exd5 gxh4 49. Qh6+ Kf7 50. Qh7+ Ke8 51. Qh8+ Kd7 52. Qxf6 Bd6 53. Qxh4 Be7 54.
Qh6 Bd6 55. g5 Kc8 56. g6 Bf8 57. g7 Bxg7 58. Qxg7 Rd7 59. Qg8+ Kc7 60. Kf3 Re7
61. Qg6 Kb7 62. Qc6+ Ka6 63. d6 Rf7+ 64. Ke4 Rf8 65. d7 Ka5 66. Qd5+ Ka6 67. d8=Q
1-0

[Event "Druzynowe Mistrzostwa Polski Juniorow - Ekstraliga"]
[Site "Centrum Wypoczynkowo-Szkoleniowe Gwarek, Ustron"]
[Date "1899-12-30"]
[Round "2.15"]
[White "Korcyl, Patryk"]
[Black "Posluszny, Tomasz"]
[Result "0-1"]
[WhiteTitle "II"]
[BlackTitle "II"]
[WhiteElo "1342"]
[BlackElo "1440"]

1. e4 c5 2. Nf3 e6 3. d4 cxd4 4. Nxd4 Nf6 5. Nc3 Nc6 6. Be3 Bb4 7. Nxc6 bxc6 8.
e5 Nd5 9. Bd2 Qb6 10. Qg4 g6 11. Qg3 Rb8 12. Rb1 Qd4 13. Rd1 Bxc3 14. Bxc3 Qe4+
15. Kd2 Nxc3 16. Qxc3 Qd5+ 17. Bd3 Qxg2 18. Qd4 Qd5 19. Qxd5 cxd5 20. b3 Ke7 21.
c4 d6 22. exd6+ Kxd6 23. Kc3 Bb7 24. Rd2 d4+ 25. Kxd4 Bxh1 26. c5+ Kc6 27. Rc2
Rhd8+ 28. Ke3 Bd5 29. Rc3 e5 30. f3 f5 31. h4 Bxf3 32. Kxf3 Rxd3+ 33. Rxd3 e4+
34. Ke3 exd3 35. Kxd3 Kxc5 0-1

[Event "Druzynowe Mistrzostwa Polski Juniorow - Ekstraliga"]
[Site "Centrum Wypoczynkowo-Szkoleniowe Gwarek, Ustron"]
[Date "1899-12-30"]
[Round "2.16"]
[White "Grochol, Kamil"]
[Black "Szczurek, Krzysztof"]
[Result "0-1"]
[WhiteTitle "II"]
[BlackTitle "I"]
[WhiteElo "1402"]
[BlackElo "1916"]

1. e4 c5 2. Nf3 d6 3. d4 cxd4 4. Nxd4 Nf6 5. Nc3 a6 6. h3 e5 7. Nde2 Be6 8. g4
Nc6 9. Bg2 Be7 10. O-O O-O 11. Nd5 Bxd5 12. exd5 Nb8 13. Ng3 Ne8 14. Nf5 Bg5 15.
c4 Nd7 16. a3 Rc8 17. Bxg5 Qxg5 18. Ne3 Nc7 19. Rc1 Rb8 20. b4 b6 21. Qd3 g6 22.
Be4 f5 23. Bg2 e4 24. Qd1 f4 25. Nc2 f3 26. Bh1 Ne5 27. Ne3 h5 28. Kh2 Qf4+ 29.
Kg1 hxg4 30. Nxg4 Nxg4 31. hxg4 Qxg4+ 32. Kh2 Rf5 0-1

[Event "Druzynowe Mistrzostwa Polski Juniorow - Ekstraliga"]
[Site "Centrum Wypoczynkowo-Szkoleniowe Gwarek, Ustron"]
[Date "1899-12-30"]
[Round "2.17"]
[White "Marczuk, Anna"]
[Black "Cieslak, Wiktoria"]
[Result "1/2-1/2"]
[WhiteTitle "k"]
[BlackTitle "k"]
[WhiteElo "1969"]
[BlackElo "1795"]

1. e4 c5 2. Nc3 Nc6 3. Nf3 e6 4. d4 cxd4 5. Nxd4 Nf6 6. Nxc6 bxc6 7. Bd3 Qc7 8.
O-O Be7 9. b3 O-O 10. Bb2 d5 11. f4 dxe4 12. Nxe4 Nxe4 13. Bxe4 f5 14. Bd3 Bf6
15. Bxf6 Rxf6 16. Bc4 Bb7 17. Qe2 Qb6+ 18. Rf2 c5 19. Rd1 Be4 20. Qd2 Re8 21.
Qd7 Bc6 22. Qd6 Kh8 23. Qe5 h6 24. Rd6 Rd8 25. Rfd2 Rxd6 26. Qxd6 Qb4 27. Re2
Bd5 28. Qa6 Kh7 29. Qb5 Qa3 30. Re1 Be4 31. Bd3 Bxd3 32. Qxd3 Qxa2 33. Qc3 Qa6
34. Qxc5 Qb7 35. g3 g5 36. Qe5 Kg6 37. Qe3 a5 38. Qd4 Qb5 39. Qe5 Qc6 40. Re2
a4 41. bxa4 Qxa4 42. Rd2 Qb4 43. Qd6 Qe4 44. Qe5 Qb4 45. Qd4 Qb1+ 46. Kg2 Qb7+
47. Kg1 Qb1+ 48. Kg2 Qb7+ 49. Kg1 Qb1+ 1/2-1/2